书目信息 |
| 题名: |
自动控制原理及系统实验实训教程
|
|
| 作者: | 降爱琴 主编 | |
| 分册: | ||
| 出版信息: | 北京 中国电力出版社 2009.08 |
|
| 页数: | 114页 | |
| 开本: | 20cm | |
| 丛书名: | ||
| 单 册: | ||
| 中图分类: | TP13-33 | |
| 科图分类: | ||
| 主题词: | 自动控制理论 | |
| 电子资源: | ||
| ISBN: | 978-7-5083-8959-2 | |
| 000 | 00606nam0 2200193 45 | |
| 001 | 2053629294 | |
| 005 | 20200904145530.63 | |
| 010 | @a978-7-5083-8959-2@dRMB 12.00 | |
| 100 | @a20200904d2009 km y0chiy0120 ea | |
| 101 | 0 | @achi |
| 102 | @aCN | |
| 200 | 1 | @a自动控制原理及系统实验实训教程@Azi dong kong zhi yuan li ji xi tong shi yan shi xun jiao cheng@f降爱琴主编@Fjiang ai qin zhu bian |
| 210 | @a北京@c中国电力出版社@d2009.08 | |
| 215 | @a114页@d20cm | |
| 606 | 0 | @a自动控制理论 |
| 690 | @aTP13-33@v4 | |
| 701 | 0 | @a降爱琴@Ajiang ai qin@4主编 |
| 801 | 0 | @aCN@bPFT@c20200904 |
| 905 | @a10447@dTP13-33@eJ611 | |
| 自动控制原理及系统实验实训教程/降爱琴主编.-北京:中国电力出版社,2009.08 |
| 114页;20cm |
| ISBN 978-7-5083-8959-2:RMB 12.00 |
| ● |
| 相关链接 |
|
|
|
正题名:自动控制原理及系统实验实训教程
索取号:TP13-33/J611
 
预约/预借
| 序号 | 登录号 | 条形码 | 馆藏地/架位号 | 状态 | 备注 |
| 1 | 1234918 | 212349181 | 自科库301/301自科库 101排6列4层/ [索取号:TP13-33/J611] | 在馆 |